<?xml version="1.0" encoding="UTF-8"?>
<resp>
  <nextPage>https://data.bn.org.pl/api/networks/bibs.marcxml?marc=001+b1000002984614&amp;sinceId=1000002984615</nextPage>
  <collection>
    <record xmlns='http://www.loc.gov/MARC21/slim'><leader>02005nam a2200601 i 4500</leader><controlfield tag='001'>b1000002984614</controlfield><controlfield tag='005'>20241203215129.7</controlfield><controlfield tag='008'>230727s1890    gw           |000 0 ger c</controlfield><controlfield tag='009'>9913280934105606</controlfield><datafield ind1=' ' ind2=' ' tag='035'><subfield code='a'>(PL)b1000002984614</subfield></datafield><datafield ind1=' ' ind2=' ' tag='040'><subfield code='a'>KR U</subfield><subfield code='c'>KR U</subfield><subfield code='d'>KR U</subfield></datafield><datafield ind1='0' ind2=' ' tag='041'><subfield code='a'>ger</subfield><subfield code='a'>pro</subfield><subfield code='a'>lat</subfield></datafield><datafield ind1='2' ind2=' ' tag='045'><subfield code='b'>d1201</subfield><subfield code='b'>d1300</subfield></datafield><datafield ind1=' ' ind2=' ' tag='046'><subfield code='k'>1890</subfield></datafield><datafield ind1='0' ind2='0' tag='245'><subfield code='a'>Altprovenzalische Marienklage des XIII. Jahrhunderts :</subfield><subfield code='b'>nach allen bekannten Handschriften /</subfield><subfield code='c'>herausgegeben von W. Mushacke.</subfield></datafield><datafield ind1=' ' ind2=' ' tag='260'><subfield code='a'>Halle a. S. :</subfield><subfield code='b'>Verlag von Max Niemeyer,</subfield><subfield code='c'>1890.</subfield></datafield><datafield ind1=' ' ind2=' ' tag='300'><subfield code='a'>[4], L, 65 stron ;</subfield><subfield code='c'>19 cm.</subfield></datafield><datafield ind1=' ' ind2=' ' tag='336'><subfield code='a'>Tekst</subfield><subfield code='b'>txt</subfield><subfield code='2'>rdacontent</subfield></datafield><datafield ind1=' ' ind2=' ' tag='337'><subfield code='a'>Bez urządzenia pośredniczącego</subfield><subfield code='b'>n</subfield><subfield code='2'>rdamedia</subfield></datafield><datafield ind1=' ' ind2=' ' tag='338'><subfield code='a'>Wolumin</subfield><subfield code='b'>nc</subfield><subfield code='2'>rdacarrier</subfield></datafield><datafield ind1=' ' ind2=' ' tag='380'><subfield code='a'>Książki</subfield></datafield><datafield ind1=' ' ind2=' ' tag='380'><subfield code='a'>Publikacje fachowe</subfield></datafield><datafield ind1=' ' ind2=' ' tag='380'><subfield code='a'>Poezja</subfield></datafield><datafield ind1=' ' ind2=' ' tag='380'><subfield code='a'>Proza</subfield></datafield><datafield ind1='1' ind2=' ' tag='388'><subfield code='a'>1801-1900</subfield></datafield><datafield ind1='1' ind2=' ' tag='490'><subfield code='a'>Romanische Bibliothek ;</subfield><subfield code='v'>no 3</subfield></datafield><datafield ind1=' ' ind2=' ' tag='546'><subfield code='a'>Teksty źródłowe w języku staroprowansalskim i łacinie.</subfield></datafield><datafield ind1='0' ind2='7' tag='600'><subfield code='a'>Maria</subfield><subfield code='c'>(matka Jezusa Chrystusa)</subfield><subfield code='2'>DBN</subfield></datafield><datafield ind1=' ' ind2='7' tag='648'><subfield code='a'>1201-1300</subfield><subfield code='2'>DBN</subfield></datafield><datafield ind1=' ' ind2='7' tag='650'><subfield code='a'>Męka Pańska</subfield><subfield code='2'>DBN</subfield></datafield><datafield ind1=' ' ind2='7' tag='651'><subfield code='a'>Prowansja (Francja ; kraina historyczna)</subfield><subfield code='2'>DBN</subfield></datafield><datafield ind1=' ' ind2='7' tag='655'><subfield code='a'>Lament (gatunek literacki)</subfield><subfield code='2'>DBN</subfield></datafield><datafield ind1=' ' ind2='7' tag='655'><subfield code='a'>Edycja krytyczna</subfield><subfield code='2'>DBN</subfield></datafield><datafield ind1='1' ind2=' ' tag='700'><subfield code='a'>Mushacke, Wilhelm</subfield><subfield code='d'>(1862-?)</subfield><subfield code='e'>Opracowanie</subfield></datafield><datafield ind1='2' ind2=' ' tag='710'><subfield code='a'>Max-Niemeyer-Verlag</subfield><subfield code='e'>Wydawca</subfield><subfield code='4'>pbl</subfield></datafield><datafield ind1=' ' ind2='0' tag='830'><subfield code='a'>Romanische Bibliothek</subfield><subfield code='v'>3</subfield></datafield><datafield ind1=' ' ind2=' ' tag='852'><subfield code='8'>22620922480005067</subfield><subfield code='j'>1</subfield><subfield code='h'>B 909663 I</subfield><subfield code='b'>BJ</subfield><subfield code='p'>1003221287</subfield><subfield code='c'>BJ_MAG</subfield></datafield><datafield ind1=' ' ind2=' ' tag='852'><subfield code='b'>48OMNIS_UJA</subfield><subfield code='8'>991016890017105067</subfield></datafield><datafield ind1=' ' ind2=' ' tag='852'><subfield code='b'>48OMNIS_NETWORK</subfield><subfield code='8'>9913280934105606</subfield></datafield></record>
  </collection>
</resp>
